000 00567nam a2200205Ia 4500
003 OSt
005 20240522142146.0
008 210210b1978 xxu||||| |||| 00| 0 eng d
040 _cAL
041 _akan
082 _aK894.301 SHAK
100 _aSHAMASUNDRA (B)
_9166814
245 _aKorava mattu kariyana nayi:
_bಕೊರವ ಮತ್ತು ಕರಿಯನ ನಾಯಿ
260 _aBangaluru
_bManorama Prakashana
_c1978
300 _a128
650 _aSanna kategalu
_9166815
690 _aKannada Fiction
_9166816
906 _aSG01711
942 _2ddc
_cSG
999 _c112822
_d112822